[Event "Paignton Premier 45th"]
[Site "Paignton"]
[Date "1995.09.03"]
[Round "1.1"]
[White "Savory, Richard J"]
[Black "Arkell, Keith C"]
[Result "0-1"]
[WhiteElo "2080"]
[BlackElo "2505"]
[PlyCount "92"]
[EventDate "1995.09.03"]
[EventType "swiss"]
[EventRounds "7"]
[EventCountry "ENG"]
[SourceTitle "BritBase"]
[Source "John Saunders"]
[SourceDate "2023.06.09"]
[SourceVersion "1"]
[SourceVersionDate "2023.06.09"]
[SourceQuality "1"]

1. e4 c5 2. Nf3 e6 3. d4 cxd4 4. Nxd4 Nc6 5. Nb5 d6 6. c4 Nf6 7. N1c3 a6 8. Na3
b6 9. Be3 Be7 10. Be2 O-O 11. O-O Bb7 12. Qb3 Nd7 13. Rad1 Nc5 14. Qc2 Bf6 15.
f3 Be5 16. Nab1 Qc7 17. a3 Rac8 18. f4 Bf6 19. b4 Nd7 20. Qd2 Be7 21. e5 Ncxe5
22. fxe5 Nxe5 23. Rf4 f5 24. Rd4 Nf7 25. Bf1 Qc6 26. Qf2 Ne5 27. Qd2 Rf6 28. b5
axb5 29. cxb5 Qc7 30. Bf4 d5 31. Re1 Bd6 32. Qe3 Ng4 33. Bxd6 Qxd6 34. Qg3 Qxg3
35. hxg3 e5 36. Rxg4 fxg4 37. Rxe5 d4 38. Nd5 Bxd5 39. Rxd5 Rc1 40. Nd2 Rd1 41.
Kh2 Rxd2 42. Bc4 Kf8 43. Rd8+ Ke7 44. Rg8 Rg6 45. Rh8 Rd1 46. Rxh7 d3 0-1

[Event "Paignton Premier 45th"]
[Site "Paignton"]
[Date "1995.09.03"]
[Round "1.2"]
[White "Lane, Gary William"]
[Black "Wheeler, John Francis"]
[Result "1-0"]
[WhiteElo "2400"]
[BlackElo "2128"]
[PlyCount "55"]
[EventDate "1995.09.03"]
[EventType "swiss"]
[EventRounds "7"]
[EventCountry "ENG"]
[SourceTitle "BritBase"]
[Source "John Saunders"]
[SourceDate "2023.06.09"]
[SourceVersion "1"]
[SourceVersionDate "2023.06.09"]
[SourceQuality "1"]

1. e4 e5 2. Bc4 Nf6 3. d3 Bc5 4. Nf3 Nc6 5. c3 O-O 6. O-O Bb6 7. Bb3 d6 8. Nbd2
h6 9. Re1 Bg4 10. h3 Bh5 11. Nf1 Kh8 12. Ng3 Bg6 13. Nh4 Nh5 14. Ngf5 Nf4 15.
Qf3 Qg5 16. Kh2 Bxf5 17. Nxf5 g6 18. Ng3 f5 19. exf5 gxf5 20. Ne2 Qh5 21. Nxf4
Qxf3 22. gxf3 exf4 23. d4 Rae8 24. Bxf4 Kh7 25. Bc2 Ne7 26. Ba4 Nc6 27. Rxe8
Rxe8 28. d5 1-0

[Event "Paignton Premier 45th"]
[Site "Paignton"]
[Date "1995.09.03"]
[Round "1.3"]
[White "George, Ian M"]
[Black "Buckley, Graeme N"]
[Result "0-1"]
[WhiteElo "2072"]
[BlackElo "2355"]
[PlyCount "68"]
[EventDate "1995.09.03"]
[EventType "swiss"]
[EventRounds "7"]
[EventCountry "ENG"]
[SourceTitle "BritBase"]
[Source "John Saunders"]
[SourceDate "2023.06.09"]
[SourceVersion "1"]
[SourceVersionDate "2023.06.09"]
[SourceQuality "1"]

1. e4 g6 2. d4 Bg7 3. Nc3 d6 4. Nf3 c6 5. Be2 b5 6. a3 Nf6 7. O-O Qc7 8. h3
Nbd7 9. Be3 O-O 10. Qd2 a6 11. Bh6 e5 12. Bxg7 Kxg7 13. dxe5 dxe5 14. Rad1 Re8
15. Nh2 h5 16. Qe3 Nf8 17. Bf3 Ne6 18. Ne2 a5 19. b3 Qe7 20. Qc3 Nc5 21. Qe3
Ne6 22. Qc3 Qc5 23. Rd3 b4 24. axb4 axb4 25. Qb2 Re7 26. c3 Ng5 27. cxb4 Qxb4
28. Qc3 Qxc3 29. Rxc3 Bb7 30. Rc4 Ra3 31. Rb1 Ba6 32. Rc2 Bd3 33. Rcb2 Bxb1 34.
Rxb1 Rb7 0-1

[Event "Paignton Premier 45th"]
[Site "Paignton"]
[Date "1995.09.03"]
[Round "1.4"]
[White "Thompson, Ian D"]
[Black "Brusey, Alan W"]
[Result "1/2-1/2"]
[WhiteElo "2310"]
[BlackElo "2016"]
[PlyCount "166"]
[EventDate "1995.09.03"]
[EventType "swiss"]
[EventRounds "7"]
[EventCountry "ENG"]
[SourceTitle "BritBase"]
[Source "John Saunders"]
[SourceDate "2023.06.09"]
[SourceVersion "1"]
[SourceVersionDate "2023.06.09"]
[SourceQuality "1"]

1. c4 c6 2. b3 d5 3. Bb2 Nf6 4. g3 e6 5. Bg2 Be7 6. Nf3 Nbd7 7. O-O O-O 8. Nc3
e5 9. cxd5 cxd5 10. d4 e4 11. Ne1 a6 12. f3 exf3 13. exf3 b5 14. Nd3 Nb6 15.
Re1 b4 16. Na4 Nxa4 17. bxa4 Re8 18. a3 a5 19. Ne5 Qb6 20. Bf1 Ba6 21. Bxa6
Rxa6 22. Qd3 Raa8 23. Qb5 Qxb5 24. axb5 bxa3 25. Bxa3 Bxa3 26. Rxa3 Nd7 27. Kf2
Nb6 28. Rea1 a4 29. Rb1 f6 30. Nc6 Kf7 31. Nb4 Ke6 32. Na6 Kd6 33. Rc1 Rec8 34.
Nc5 Ke7 35. Re1+ Kf7 36. Rea1 Ra5 37. Nb7 Rc2+ 38. Kg1 Ra7 39. Nc5 Re7 40. Nxa4
Nxa4 41. Rxa4 Ree2 42. b6 Rg2+ 43. Kh1 Rxh2+ 44. Kg1 Rcg2+ 45. Kf1 Rb2 46. Kg1
Rhd2 47. Ra7+ Kg6 48. Rd7 Rxd4 49. b7 Rd3 50. Rf1 Rdd2 51. Re1 d4 52. Kf1 Rf2+
53. Kg1 Rg2+ 54. Kh1 Rgd2 55. Kg1 d3 56. g4 h6 57. f4 Rg2+ 58. Kh1 Rxg4 59.
Ree7 Rxf4 60. Rxg7+ Kf5 61. Rxd3 Rf1+ 62. Rg1 Rxg1+ 63. Kxg1 Rxb7 64. Kf2 Rb4
65. Kf3 Rf4+ 66. Kg3 Rf1 67. Rd5+ Ke4 68. Rh5 Ke3 69. Kg2 Rf4 70. Rxh6 Rg4+ 71.
Kf1 f5 72. Ra6 Rf4+ 73. Kg2 Rf2+ 74. Kg1 Rb2 75. Ra3+ Ke2 76. Ra4 Kf3 77. Ra3+
Kg4 78. Kf1 f4 79. Rc3 Kf5 80. Rc4 Kg4 81. Rc3 f3 82. Rc8 Kg3 83. Rg8+ Kf4
1/2-1/2

[Event "Paignton Premier 45th"]
[Site "Paignton"]
[Date "1995.09.03"]
[Round "1.5"]
[White "Phillips, Alan"]
[Black "Franklin, Michael J"]
[Result "0-1"]
[WhiteElo "2160"]
[BlackElo "2260"]
[PlyCount "58"]
[EventDate "1995.09.03"]
[EventType "swiss"]
[EventRounds "7"]
[EventCountry "ENG"]
[SourceTitle "BritBase"]
[Source "John Saunders"]
[SourceDate "2023.06.09"]
[SourceVersion "1"]
[SourceVersionDate "2023.06.09"]
[SourceQuality "1"]

1. f4 d5 2. b3 Nf6 3. Bb2 Nbd7 4. Nf3 g6 5. e3 Bg7 6. Be2 O-O 7. c4 e6 8. cxd5
exd5 9. Qc1 Re8 10. Na3 c6 11. O-O Nf8 12. Ne5 Ne4 13. Nc2 Nd7 14. Nxd7 Bxd7
15. Bxg7 Kxg7 16. Ne1 Qf6 17. Nf3 Bg4 18. Re1 Bxf3 19. Bxf3 Re7 20. Qc2 Rae8
21. Rac1 d4 22. d3 Nd6 23. e4 Qxf4 24. Qc5 Qe5 25. Qxa7 Nb5 26. Qb6 Nc3 27. a4
c5 28. Rf1 Rb8 29. Ra1 Re6 0-1

[Event "Paignton Premier 45th"]
[Site "Paignton"]
[Date "1995.09.03"]
[Round "1.6"]
[White "Lamb, Harry"]
[Black "White, Mark W"]
[Result "1-0"]
[WhiteElo "2260"]
[BlackElo "1992"]
[PlyCount "81"]
[EventDate "1995.09.03"]
[EventType "swiss"]
[EventRounds "7"]
[EventCountry "ENG"]
[SourceTitle "BritBase"]
[Source "John Saunders"]
[SourceDate "2023.06.09"]
[SourceVersion "1"]
[SourceVersionDate "2023.06.09"]
[SourceQuality "1"]

1. Nf3 Nf6 2. g3 g6 3. Bg2 Bg7 4. O-O O-O 5. c4 d6 6. d4 c5 7. Nc3 Nbd7 8. b3
Rb8 9. Qc2 a6 10. a4 cxd4 11. Nxd4 Nc5 12. Rd1 e5 13. Nf3 Bf5 14. Qb2 Qc7 15.
Bg5 Ncd7 16. Qd2 Qb6 17. e4 Nxe4 18. Nxe4 Bxe4 19. Qxd6 Qxd6 20. Rxd6 Nc5 21.
Re1 Bxf3 22. Bxf3 Nxb3 23. Bd5 Nc5 24. a5 Rfe8 25. Rb1 Ne6 26. Be3 Bf8 27. Rd7
Re7 28. Rxe7 Bxe7 29. Ba7 Rc8 30. Rxb7 Rc7 31. Rb8+ Kg7 32. Ra8 Kf6 33. Bb6 Rd7
34. Rxa6 Kf5 35. Ra7 Rxa7 36. Bxa7 Nc5 37. Bxf7 Nb3 38. Bb6 Nc5 39. Be8 Ke4 40.
Bb5 Kd3 41. a6 1-0

[Event "Paignton Premier 45th"]
[Site "Paignton"]
[Date "1995.09.03"]
[Round "1.7"]
[White "Stegeman, Frits"]
[Black "Hempson, Peter W"]
[Result "1-0"]
[WhiteElo "1928"]
[BlackElo "2255"]
[PlyCount "87"]
[EventDate "1995.09.03"]
[EventType "swiss"]
[EventRounds "7"]
[EventCountry "ENG"]
[SourceTitle "BritBase"]
[Source "John Saunders"]
[SourceDate "2023.06.09"]
[SourceVersion "1"]
[SourceVersionDate "2023.06.09"]
[SourceQuality "1"]

1. e4 e6 2. d4 d5 3. Nd2 Nf6 4. e5 Ne4 5. Nxe4 dxe4 6. Be3 c5 7. dxc5 Qxd1+ 8.
Rxd1 Nc6 9. Bb5 Bd7 10. Bxc6 Bxc6 11. Ne2 a5 12. O-O Be7 13. Rd2 O-O 14. Rfd1
f6 15. Nd4 Bd5 16. Nb5 f5 17. Nc7 f4 18. Nxd5 exd5 19. Bd4 Rac8 20. Bc3 Bxc5
21. Rxd5 e3 22. Kf1 Bb4 23. R1d3 Bxc3 24. bxc3 a4 25. Ke2 exf2 26. Kxf2 Rc6 27.
Kf3 Rh6 28. Rd7 Re6 29. Ke4 Rg6 30. Rd2 Rc6 31. Rxb7 Rc4+ 32. Rd4 Rxc3 33. Rdd7
Rc4+ 34. Kd5 Rfc8 35. Rxg7+ Kf8 36. Rxh7 Kg8 37. Rbg7+ Kf8 38. Rf7+ Kg8 39.
Rhg7+ Kh8 40. Rg4 R4c5+ 41. Ke4 Rxc2 42. Rfxf4 Rxa2 43. Rh4+ Kg7 44. Rfg4+ 1-0

[Event "Paignton Premier 45th"]
[Site "Paignton"]
[Date "1995.09.03"]
[Round "1.10"]
[White "Saunders, John C"]
[Black "Waldteufel, Roberto E"]
[Result "1-0"]
[WhiteElo "2240"]
[BlackElo "1904"]
[PlyCount "47"]
[EventDate "1995.09.03"]
[EventType "swiss"]
[EventRounds "7"]
[EventCountry "ENG"]
[SourceTitle "BritBase"]
[Source "John Saunders"]
[SourceDate "2023.06.09"]
[SourceVersion "1"]
[SourceVersionDate "2023.06.09"]
[SourceQuality "1"]

1. c4 Nf6 2. Nc3 c6 3. e4 d6 4. d4 g6 5. Be2 Bg7 6. Bg5 Nbd7 7. Qd2 e5 8. dxe5
dxe5 9. O-O-O Qa5 10. h4 h5 11. f3 Nc5 12. Kb1 Be6 13. Nh3 O-O 14. Qe3 Rfd8 15.
Nf2 Na4 16. Nxa4 Qxa4 17. g4 b5 18. Rxd8+ Rxd8 19. b3 Qb4 20. cxb5 cxb5 21.
gxh5 gxh5 22. Nd3 Qd4 23. Qxd4 exd4 24. e5 {Source: John Saunders} 1-0

[Event "Paignton Premier 45th"]
[Site "Paignton"]
[Date "1995.09.03"]
[Round "1.11"]
[White "Brogden, John G"]
[Black "Mordue, A Tyson"]
[Result "1/2-1/2"]
[WhiteElo "1888"]
[BlackElo "2230"]
[PlyCount "111"]
[EventDate "1995.09.03"]
[EventType "swiss"]
[EventRounds "7"]
[EventCountry "ENG"]
[SourceTitle "BritBase"]
[Source "John Saunders"]
[SourceDate "2023.06.09"]
[SourceVersion "1"]
[SourceVersionDate "2023.06.09"]
[SourceQuality "1"]

1. d4 Nf6 2. c4 g6 3. Nc3 Bg7 4. e4 d6 5. Be2 O-O 6. f4 c5 7. Nf3 cxd4 8. Nxd4
Nc6 9. Nc2 b6 10. O-O Bb7 11. Bf3 Rc8 12. Qd3 Rc7 13. Be3 Qa8 14. b3 Rd8 15.
Rac1 Rcd7 16. Nd5 e6 17. Nxf6+ Bxf6 18. Rcd1 Qc8 19. Rfe1 Ne7 20. Bf2 Qc7 21.
g3 d5 22. cxd5 exd5 23. e5 Bg7 24. Nd4 Nc6 25. Nxc6 Qxc6 26. Rc1 Qe6 27. Bd4
Bf8 28. Rc2 Bb4 29. Rd1 Qe7 30. Kg2 Rc7 31. Rdc1 Rdc8 32. Bg4 Rxc2+ 33. Rxc2
Rxc2+ 34. Qxc2 Bc5 35. Qc3 Bxd4 36. Qxd4 Qc5 37. Qxc5 bxc5 38. Bf3 f6 39. exf6
Kf7 40. Kf2 Kxf6 41. g4 h6 42. h3 g5 43. Kg3 Ke6 44. h4 gxf4+ 45. Kxf4 Ba6 46.
Bd1 Bd3 47. g5 hxg5+ 48. hxg5 c4 49. bxc4 dxc4 50. Ke3 Bb1 51. Kd4 Bxa2 52. Be2
Kf5 53. Bxc4 Bb1 54. Bd3+ Bxd3 55. Kxd3 Kxg5 56. Kc2 1/2-1/2

[Event "Paignton Premier 45th"]
[Site "Paignton"]
[Date "1995.09.03"]
[Round "1.12"]
[White "Parr, David"]
[Black "Cock, John Crowle"]
[Result "1-0"]
[WhiteElo "2220"]
[BlackElo "1888"]
[PlyCount "65"]
[EventDate "1995.09.03"]
[EventType "swiss"]
[EventRounds "7"]
[EventCountry "ENG"]
[SourceTitle "BritBase"]
[Source "John Saunders"]
[SourceDate "2023.06.09"]
[SourceVersion "1"]
[SourceVersionDate "2023.06.09"]
[SourceQuality "1"]

1. e4 c5 2. Nf3 Nc6 3. d4 cxd4 4. Nxd4 Nf6 5. Nc3 d6 6. Bc4 e6 7. Be3 Be7 8. f4
O-O 9. Qf3 Na5 10. Bd3 a6 11. g4 b5 12. g5 Nd7 13. h4 b4 14. Nd1 Bb7 15. Nf2
Rc8 16. b3 Nc6 17. Nxc6 Rxc6 18. O-O Nc5 19. Bc4 Qc7 20. f5 Bd8 21. Qg4 Bc8 22.
f6 d5 23. Be2 e5 24. Qg2 d4 25. Bd2 Qd7 26. Bc4 a5 27. Bb5 Qb7 28. Bxc6 Qxc6
29. Rfe1 Bb7 30. fxg7 Kxg7 31. Re2 Qg6 32. Rae1 h6 33. gxh6+ 1-0

[Event "Paignton Premier 45th"]
[Site "Paignton"]
[Date "1995.09.03"]
[Round "1.13"]
[White "Rety, John"]
[Black "Moore, Gerald"]
[Result "1-0"]
[WhiteElo "1872"]
[BlackElo "2210"]
[PlyCount "149"]
[EventDate "1995.09.03"]
[EventType "swiss"]
[EventRounds "7"]
[EventCountry "ENG"]
[SourceTitle "BritBase"]
[Source "John Saunders"]
[SourceDate "2023.06.09"]
[SourceVersion "1"]
[SourceVersionDate "2023.06.09"]
[SourceQuality "1"]

1. c4 g6 2. Nc3 Bg7 3. e4 c5 4. Nf3 Nc6 5. Be2 Nf6 6. O-O O-O 7. d3 d6 8. h3
Ne8 9. Rb1 Nc7 10. Bd2 a6 11. Qc1 b5 12. Bh6 b4 13. Nd5 Ne6 14. Bd1 Ned4 15.
Bxg7 Kxg7 16. Nf4 e5 17. Nxd4 Nxd4 18. Ne2 Ne6 19. Qe3 f5 20. exf5 gxf5 21. f4
Qf6 22. fxe5 Qxe5 23. Qg3+ Kh8 24. Qxe5+ dxe5 25. Ng3 Nf4 26. Be2 Rg8 27. Rxf4
exf4 28. Nh5 Bb7 29. Nxf4 Rae8 30. Bf1 Kg7 31. Kf2 Kf6 32. a3 a5 33. b3 bxa3
34. Ra1 Bc6 35. Rxa3 Ra8 36. Ra2 a4 37. bxa4 Rxa4 38. Re2 Re8 39. Rb2 Rb4 40.
Ra2 Reb8 41. Ra5 Rb2+ 42. Be2 Ke5 43. Rxc5+ Kxf4 44. g3+ Kg5 45. Rxc6 f4 46.
gxf4+ Kxf4 47. Re6 R8b3 48. Re4+ Kg5 49. Ke3 Rc3 50. Kd4 Rcc2 51. Rg4+ Kf5 52.
Bf3 Rb8 53. Be4+ Kf6 54. Rh4 Rh8 55. Rh5 h6 56. Kd5 Kg7 57. c5 Rd8+ 58. Ke6 Rd4
59. Rd5 Rxd5 60. Kxd5 Kf7 61. Kd6 Ke8 62. c6 Kd8 63. Bf5 Rc1 64. d4 Rc3 65. d5
Rc1 66. h4 Rc3 67. h5 Rc1 68. Be4 Rc3 69. Ke5 Rc5 70. Kd4 Ra5 71. d6 Rxh5 72.
c7+ Kd7 73. Bb7 Rh4+ 74. Kd3 Rh3+ 75. Kd2 1-0

[Event "Paignton Premier 45th"]
[Site "Paignton"]
[Date "1995.09.03"]
[Round "1.14"]
[White "Southall, Andrew C"]
[Black "Archibald, Alan David"]
[Result "0-1"]
[WhiteElo "2192"]
[BlackElo "1840"]
[PlyCount "84"]
[EventDate "1995.09.03"]
[EventType "swiss"]
[EventRounds "7"]
[EventCountry "ENG"]
[SourceTitle "BritBase"]
[Source "John Saunders"]
[SourceDate "2023.06.09"]
[SourceVersion "1"]
[SourceVersionDate "2023.06.09"]
[SourceQuality "1"]

1. e4 e5 2. Nf3 Nc6 3. Bb5 a6 4. Ba4 Nf6 5. O-O Be7 6. c3 Nxe4 7. d4 exd4 8.
cxd4 O-O 9. d5 Nb8 10. Re1 Nf6 11. Bg5 h6 12. Bf4 b5 13. Bb3 d6 14. a4 Bb7 15.
axb5 axb5 16. Rxa8 Bxa8 17. Na3 c6 18. Nd4 b4 19. Nac2 c5 20. Nf5 Re8 21. Nce3
Bf8 22. Qf3 Nbd7 23. Qg3 Kh8 24. Bxd6 Ne4 25. Qf4 g5 26. Qg4 Nxd6 27. Bc2 Nf6
28. Qh3 Nxf5 29. Qxf5 Bg7 30. h4 Bxd5 31. hxg5 Be6 32. Qxc5 hxg5 33. Qxg5 b3
34. Bb1 Qc8 35. f3 Kg8 36. g4 Qc6 37. Kf2 Bc8 38. Rh1 Bb7 39. Rh3 Bc8 40. Qf4
Qc5 41. Be4 Nxe4+ 42. fxe4 Qe5 0-1

[Event "Paignton Premier 45th"]
[Site "Paignton"]
[Date "1995.09.03"]
[Round "1.15"]
[White "Isherwood, Paul"]
[Black "Richardson, Kevin Derek"]
[Result "0-1"]
[WhiteElo "1832"]
[BlackElo "2170"]
[PlyCount "66"]
[EventDate "1995.09.03"]
[EventType "swiss"]
[EventRounds "7"]
[EventCountry "ENG"]
[SourceTitle "BritBase"]
[Source "John Saunders"]
[SourceDate "2023.06.09"]
[SourceVersion "1"]
[SourceVersionDate "2023.06.09"]
[SourceQuality "1"]

1. e4 c5 2. Nf3 Nc6 3. d4 cxd4 4. Nxd4 g6 5. c4 Bg7 6. Be3 Nf6 7. Nc3 O-O 8.
Be2 d6 9. O-O Bd7 10. f3 Nxd4 11. Bxd4 Bc6 12. Qd2 a5 13. b3 Nd7 14. Bxg7 Kxg7
15. Qd4+ f6 16. Rab1 Nc5 17. Rfd1 Qb8 18. Nd5 e5 19. Qe3 Ne6 20. Bf1 Bxd5 21.
Rxd5 b6 22. g3 Nd4 23. Bg2 Ra7 24. Rf1 Rc8 25. Bh3 Rc5 26. f4 Rxd5 27. cxd5 Rc7
28. fxe5 dxe5 29. Qf2 Qd8 30. Qb2 Rc2 31. Qa3 Ne2+ 32. Kh1 Nc3 33. Rc1 Rxa2 0-1

[Event "Paignton Premier 45th"]
[Site "Paignton"]
[Date "1995.09.03"]
[Round "1.16"]
[White "Parr, Frank"]
[Black "Williams, Philip J"]
[Result "1-0"]
[WhiteElo "2165"]
[BlackElo "1832"]
[PlyCount "119"]
[EventDate "1995.09.03"]
[EventType "swiss"]
[EventRounds "7"]
[EventCountry "ENG"]
[SourceTitle "BritBase"]
[Source "John Saunders"]
[SourceDate "2023.06.09"]
[SourceVersion "1"]
[SourceVersionDate "2023.06.09"]
[SourceQuality "1"]

1. d4 Nf6 2. Bg5 d5 3. Bxf6 exf6 4. e3 Bf5 5. Bd3 Bxd3 6. Qxd3 c6 7. Ne2 Bd6 8.
Nd2 Nd7 9. e4 O-O 10. exd5 cxd5 11. O-O-O Nb6 12. Kb1 Rc8 13. g4 Qd7 14. Rdg1
Nc4 15. Nxc4 Rxc4 16. Qf3 Bb8 17. Rd1 Rfc8 18. Rd2 b5 19. h3 b4 20. Nc1 Qc6 21.
Qd3 Re8 22. Nb3 Bc7 23. Re2 Bb6 24. Rhe1 Re6 25. Qf5 Rxe2 26. Rxe2 g6 27. Qf4
Kg7 28. Qe3 a5 29. Rd2 a4 30. Nc1 Qe6 31. Ne2 Qxe3 32. fxe3 Bc7 33. c3 Ba5 34.
cxb4 Rxb4 35. Rc2 a3 36. b3 Rb7 37. Nf4 Rd7 38. Rc5 Be1 39. Nxd5 Bf2 40. Kc2
Rd6 41. b4 f5 42. b5 f4 43. Kd3 fxe3 44. Nxe3 Rf6 45. Re5 Bg3 46. Re8 Rf2 47.
Nc2 f5 48. gxf5 gxf5 49. b6 Bd6 50. b7 Rf3+ 51. Re3 Rf2 52. Re6 Bb8 53. Re8 Bd6
54. b8=Q Bxb8 55. Rxb8 Rf3+ 56. Kc4 Rxh3 57. d5 f4 58. d6 f3 59. d7 f2 60. Rb1
1-0

[Event "Paignton Premier 45th"]
[Site "Paignton"]
[Date "1995.09.03"]
[Round "1.17"]
[White "Smith, Alan A"]
[Black "Benson, Paul J"]
[Result "1/2-1/2"]
[WhiteElo "2255"]
[BlackElo "1936"]
[PlyCount "49"]
[EventDate "1995.09.03"]
[EventType "swiss"]
[EventRounds "7"]
[EventCountry "ENG"]
[SourceTitle "BritBase"]
[Source "John Saunders"]
[SourceDate "2023.06.09"]
[SourceVersion "1"]
[SourceVersionDate "2023.06.09"]
[SourceQuality "1"]

1. Nc3 d5 2. d4 Nf6 3. Bg5 Nbd7 4. f4 e6 5. e3 h6 6. Bh4 c5 7. Nf3 Qa5 8. Bxf6
Nxf6 9. Bb5+ Bd7 10. Bxd7+ Nxd7 11. O-O f5 12. Qe1 Bd6 13. dxc5 Bxc5 14. Nxd5
Qxe1 15. Nc7+ Kd8 16. Nxe6+ Ke7 17. Rfxe1 Kxe6 18. Rad1 Nf6 19. Nd4+ Bxd4 20.
exd4+ Ne4 21. c4 Rac8 22. b3 Rhd8 23. Re3 Rd7 24. g4 g6 25. Kg2 1/2-1/2

[Event "Paignton Premier 45th"]
[Site "Paignton"]
[Date "1995.09.03"]
[Round "1.18"]
[White "Peters, Stephen G"]
[Black "Soesan, Joseph Maurice"]
[Result "1/2-1/2"]
[WhiteElo "2144"]
[BlackElo "1792"]
[PlyCount "82"]
[EventDate "1995.09.03"]
[EventType "swiss"]
[EventRounds "7"]
[EventCountry "ENG"]
[SourceTitle "BritBase"]
[Source "John Saunders"]
[SourceDate "2023.06.09"]
[SourceVersion "1"]
[SourceVersionDate "2023.06.09"]
[SourceQuality "1"]

1. d4 f5 2. g3 Nf6 3. Bg2 g6 4. c4 Bg7 5. Nc3 d6 6. d5 c6 7. Nh3 e5 8. dxe6
Bxe6 9. Bf4 d5 10. Ng5 Bg8 11. cxd5 Nxd5 12. Nxd5 cxd5 13. Qd2 h6 14. Nf3 Nc6
15. Rd1 Qf6 16. O-O Bf7 17. Be3 g5 18. Nd4 O-O 19. Nxc6 bxc6 20. Bd4 Qxd4 21.
Qxd4 Bxd4 22. Rxd4 Rab8 23. b3 c5 24. Ra4 Rb7 25. Ra6 Re8 26. Rd1 Rd7 27. e3
Re6 28. Ra5 Rc6 29. Bh3 Be6 30. Bf1 Rdc7 31. Bg2 Rd6 32. Rc1 Rdc6 33. h4 Kf7
34. hxg5 hxg5 35. Kf1 Kf6 36. f4 gxf4 37. gxf4 Bf7 38. Rd1 Rd6 39. Rc1 c4 40.
bxc4 dxc4 41. Ra3 Rd2 1/2-1/2

[Event "Paignton Premier 45th"]
[Site "Paignton"]
[Date "1995.09.03"]
[Round "1.19"]
[White "Tonkin, David S"]
[Black "Dodgson, John A"]
[Result "0-1"]
[WhiteElo "1576"]
[BlackElo "2130"]
[PlyCount "65"]
[EventDate "1995.09.03"]
[EventType "swiss"]
[EventRounds "7"]
[EventCountry "ENG"]
[SourceTitle "BritBase"]
[Source "John Saunders"]
[SourceDate "2023.06.09"]
[SourceVersion "1"]
[SourceVersionDate "2023.06.09"]
[SourceQuality "1"]

1. e4 c5 2. Nf3 e6 3. d4 cxd4 4. c3 dxc3 5. Bc4 Nc6 6. O-O d6 7. Nxc3 Be7 8. a3
a6 9. Be3 Nf6 10. Ba2 O-O 11. Qc2 Ng4 12. Bf4 e5 13. Bg3 Be6 14. Nd5 Rc8 15.
Qd3 Bxd5 16. exd5 Nb8 17. Rad1 Nd7 18. b4 f5 19. Rfe1 f4 20. Bb1 g6 21. h3 fxg3
22. hxg4 gxf2+ 23. Kxf2 Nf6 24. Kg3 Qd7 25. Re4 Nxe4+ 26. Qxe4 Rf4 27. Nxe5
dxe5 28. Qe2 Bd6 29. Be4 Rc3+ 30. Kh2 Qxg4 31. Bd3 e4 32. g3 Rxd3 33. Qxd3 0-1

[Event "Paignton Premier 45th"]
[Site "Paignton"]
[Date "1995.09.04"]
[Round "2.1"]
[White "Arkell, Keith C"]
[Black "Parr, David"]
[Result "1-0"]
[WhiteElo "2505"]
[BlackElo "2220"]
[PlyCount "51"]
[EventDate "1995.09.03"]
[EventType "swiss"]
[EventRounds "7"]
[EventCountry "ENG"]
[SourceTitle "BritBase"]
[Source "John Saunders"]
[SourceDate "2023.06.09"]
[SourceVersion "1"]
[SourceVersionDate "2023.06.09"]
[SourceQuality "1"]

1. d4 f5 2. g3 Nf6 3. Bg2 d6 4. Nf3 g6 5. b3 Bg7 6. Bb2 O-O 7. O-O Na6 8. d5 e5
9. dxe6 Bxe6 10. c4 c6 11. Nc3 Nc7 12. Ng5 Bc8 13. Qd2 Qe7 14. Rad1 Rd8 15.
Rfe1 Ne6 16. Nxe6 Bxe6 17. e4 fxe4 18. Nxe4 Nxe4 19. Rxe4 Bxb2 20. Qxb2 Qf7 21.
Qe2 Bc8 22. Re7 Qf6 23. Re1 Bd7 24. Qd2 Rab8 25. Qh6 Qh8 26. Bh3 1-0

[Event "Paignton Premier 45th"]
[Site "Paignton"]
[Date "1995.09.04"]
[Round "2.2"]
[White "Crickmore, Neil EG"]
[Black "Lane, Gary William"]
[Result "0-1"]
[WhiteElo "2160"]
[BlackElo "2400"]
[PlyCount "42"]
[EventDate "1995.09.03"]
[EventType "swiss"]
[EventRounds "7"]
[EventCountry "ENG"]
[SourceTitle "BritBase"]
[Source "John Saunders"]
[SourceDate "2023.06.09"]
[SourceVersion "1"]
[SourceVersionDate "2023.06.09"]
[SourceQuality "1"]

1. d4 Nf6 2. c4 d6 3. Nc3 Nbd7 4. g3 g6 5. Bg2 Bg7 6. Nf3 O-O 7. Bg5 h6 8. Bf4
c6 9. O-O Qe8 10. d5 Nb6 11. dxc6 bxc6 12. c5 dxc5 13. Ne5 Bb7 14. Na4 Nxa4 15.
Qxa4 Nd5 16. Qb3 Qc8 17. Nd3 Ba6 18. Bxd5 cxd5 19. Qxd5 c4 20. Ne5 Bb7 21. Qxc4
g5 0-1

[Event "Paignton Premier 45th"]
[Site "Paignton"]
[Date "1995.09.04"]
[Round "2.3"]
[White "Buckley, Graeme N"]
[Black "Parr, Frank"]
[Result "1-0"]
[WhiteElo "2355"]
[BlackElo "2165"]
[PlyCount "57"]
[EventDate "1995.09.03"]
[EventType "swiss"]
[EventRounds "7"]
[EventCountry "ENG"]
[SourceTitle "BritBase"]
[Source "John Saunders"]
[SourceDate "2023.06.09"]
[SourceVersion "1"]
[SourceVersionDate "2023.06.09"]
[SourceQuality "1"]

1. d4 f5 2. Nc3 d5 3. Bg5 c6 4. Qd3 Qa5 5. Qg3 Nd7 6. e4 dxe4 7. Bc4 Nb6 8. Bb3
Nd5 9. Bd2 Qd8 10. Nxd5 cxd5 11. Nh3 e6 12. c4 dxc4 13. Bxc4 Qd6 14. Nf4 Kf7
15. d5 e5 16. Ne6 Nf6 17. Rc1 g6 18. O-O h6 19. Nc7 f4 20. Qc3 Rb8 21. Nb5 Qd8
22. Qxe5 Bf5 23. Bxf4 Rc8 24. Nxa7 Ra8 25. Nb5 Kg7 26. Nc7 Rc8 27. d6 Kh7 28.
Be6 Bxe6 29. Nxe6 1-0

[Event "Paignton Premier 45th"]
[Site "Paignton"]
[Date "1995.09.04"]
[Round "2.4"]
[White "Dodgson, John A"]
[Black "Saunders, John C"]
[Result "1/2-1/2"]
[WhiteElo "2130"]
[BlackElo "2240"]
[PlyCount "50"]
[EventDate "1995.09.03"]
[EventType "swiss"]
[EventRounds "7"]
[EventCountry "ENG"]
[SourceTitle "BritBase"]
[Source "John Saunders"]
[SourceDate "2023.06.09"]
[SourceVersion "1"]
[SourceVersionDate "2023.06.09"]
[SourceQuality "1"]

1. Nf3 d5 2. g3 Nf6 3. Bg2 e6 4. O-O Be7 5. d3 O-O 6. Nbd2 c5 7. e4 Nc6 8. Re1
b6 9. e5 Nd7 10. h4 Qc7 11. Qe2 a5 12. Nf1 Ba6 13. c3 a4 14. a3 b5 15. Bf4 b4
16. Ne3 bxc3 17. bxc3 Na5 18. Nxd5 exd5 19. e6 Bd6 20. Bxd6 Qxd6 21. exd7 Qxd7
22. Ne5 Qd6 23. c4 Bb7 24. cxd5 Bxd5 25. Nc4 Nxc4 {Source: John Saunders}
1/2-1/2